Christmas - Sudden Death - Statistics

General Stats
  • This quiz has been taken 28 times
  • The average score is 14 of 20
Answers on the Grid
Answers color-coded by a green-red scale on the quiz's grid according to % correct below.
πŸŽ„
πŸŽ„
πŸŽ„
πŸŽ„
πŸŽ„
πŸŽ„
πŸŽ„
πŸŽ„
πŸŽ„
πŸŽ„
πŸŽ„
πŸŽ„
πŸŽ„
πŸŽ„
πŸŽ„
πŸŽ„
πŸŽ„
πŸŽ„
πŸŽ„
πŸŽ„
🌲
🌲
🌲
🌲
🌲
🌲
🌲
🌲
🌲
🌲
 
Answer Stats
Answer % Correct
πŸŽ„
78%
πŸŽ„
78%
πŸŽ„
78%
πŸŽ„
74%
πŸŽ„
74%
πŸŽ„
74%
πŸŽ„
74%
πŸŽ„
70%
πŸŽ„
70%
πŸŽ„
70%
πŸŽ„
70%
πŸŽ„
70%
πŸŽ„
70%
πŸŽ„
70%
πŸŽ„
70%
πŸŽ„
65%
πŸŽ„
65%
πŸŽ„
65%
πŸŽ„
65%
πŸŽ„
65%
No matching quizzes found
Score Distribution
Percent of People with Each Score
Percentile by Number Answered
Your Score History
You have not taken this quiz